Online Catalogue and eLibrary

Pathitha : (Record no. 1391)

MARC details
000 -LEADER
fixed length control field 00394nam a2200157Ia 4500
005 - DATE AND TIME OF LATEST TRANSACTION
control field 20250529031935.0
008 - FIXED-LENGTH DATA ELEMENTS--GENERAL INFORMATION
fixed length control field 240331s9999 xx 000 0 und d
020 ## - INTERNATIONAL STANDARD BOOK NUMBER
ISBN 13919148
082 ## - DDC Classification
Item Number - Author Mark PAT
Class No. 303
100 ## - MAIN ENTRY--PERSONAL NAME
Personal name Perera, S
245 #0 - TITLE STATEMENT
Title Pathitha :
Remainder of title samaja vidya sameeksha
260 ## - PUBLICATION, DISTRIBUTION, ETC.
Place of publication, distribution, etc. Colombo
Name of publisher, distributor, etc. Social Scientist Association
Date of publication, distribution, etc. 2003
300 ## - PHYSICAL DESCRIPTION
Extent (e.g. Volumes, Pages etc.) 150 p.,
650 ## - SUBJECT ADDED ENTRY--TOPICAL TERM
Topical term or geographic name entry element Social Survey
942 ## - Koha item type (Biblio)
Koha item type Books in Stacks (Lending)
Holdings
Lost status Damaged status Collection code Home library Current library Shelving location Date acquired Full call number Accession Number Item type
    Lending WERC Library WERC Library Social Science Cupboard 03/31/2024 303.6 PAT 5551 Books in Stacks (Lending)

© WERC Library